00369nam a2200109Ia 4500008004100000050001800041100002700059245006100086260005500147300001900202650003800221120626s9999 xx 000 0 und d aLC2631 bC345 aCalvo, Beatrizeautor  aEl difícil camino de la escolaridad c/ Beatriz, Calvo aMéxicob: Secretaría de Educación Pública  a293 páginas  0aINDIOS DE MÉXICO vEDUCACIÓN